00934cam a2200253 i 4500001001000000003000900010005001700019007000300036008004100039040003000080082001900110100005300129245008000182264006300262300002700325336002700352337003300379338002900412500009000441504003700531651003100568651003700599651004400636000007647DO-SdBNP20251105110124.0ta810527s1968 sp 000 0 spa d aDO-SdBNPbspacBNPHUerda 4a980bC671p2221 aCodón, José María.d1913-2003eautor4aut.10aPresencia de Burgos en la conquista de América /cJosé María Codón. aMadrid, España :bEdiciones Cultura Hispánica, c1968. a56 páginas ;c25 cm. atextobtxt2rdacontent asin mediaciónbn2rdamedia avvolumenbnc2rdacarrier a"Discurso de ingreso en la Institución Fernán González, 12 de octubre de 1951." aBibliografía : páginas 53-56 4aAmérica LatinaxHistoria 0aAmérica LatinaxCivilización 4aAmérica LatinaxPolítica y gobierno